Fasten your seatbelt : (Record no. 6640)

MARC details
000 -LEADER
fixed length control field 00944nam a22002537a 4500
003 - CONTROL NUMBER IDENTIFIER
control field OSt
005 - DATE AND TIME OF LATEST TRANSACTION
control field 20251201110909.0
008 - FIXED-LENGTH DATA ELEMENTS--GENERAL INFORMATION
fixed length control field 251201b |||||||| |||| 00| 0 eng d
020 ## - INTERNATIONAL STANDARD BOOK NUMBER
International Standard Book Number 978-1-890627-86-7.
040 ## - CATALOGING SOURCE
Original cataloging agency DWCL-Main lib.
Transcribing agency OC
082 ## - DEWEY DECIMAL CLASSIFICATION NUMBER
Edition number 1st ed.
Classification number Circ. 616.858842 S628f 2009
100 ## - MAIN ENTRY--PERSONAL NAME
Personal name Skotko, Brian
245 ## - TITLE STATEMENT
Title Fasten your seatbelt :
Remainder of title a crash course on Down syndrome for brothers and sisters/
Statement of responsibility, etc. Brian Skotko
250 ## - EDITION STATEMENT
Edition statement 1st ed.
260 ## - PUBLICATION, DISTRIBUTION, ETC.
Place of publication, distribution, etc. Bethesda, MD :
Name of publisher, distributor, etc. Woodbine House, Inc. ,
Date of publication, distribution, etc. c2009
300 ## - PHYSICAL DESCRIPTION
Extent viii, 191 p. :
Other physical details ill. ;
Dimensions 23 cm.
504 ## - BIBLIOGRAPHY, ETC. NOTE
Bibliography, etc. note Includes index.
650 ## - SUBJECT ADDED ENTRY--TOPICAL TERM
Topical term or geographic name entry element 1. Brothers and sisters-Juvenile literature
650 ## - SUBJECT ADDED ENTRY--TOPICAL TERM
Topical term or geographic name entry element 2. Down syndrome-Juvenile literature.
650 ## - SUBJECT ADDED ENTRY--TOPICAL TERM
Topical term or geographic name entry element 3. Down syndrome-Patients-Family relationships-Juvenle literature
650 ## - SUBJECT ADDED ENTRY--TOPICAL TERM
Topical term or geographic name entry element 4. People with mental disabilities-Juvenile literature.
700 ## - ADDED ENTRY--PERSONAL NAME
Personal name Levine, Susan P.
942 ## - ADDED ENTRY ELEMENTS (KOHA)
Source of classification or shelving scheme Dewey Decimal Classification
Koha item type Book Circulation
Edition 1st ed.
Classification part Circ.
Suppress in OPAC No
952 ## - LOCATION AND ITEM INFORMATION (KOHA)
--
Holdings
Withdrawn status Lost status Source of classification or shelving scheme Damaged status Not for loan Home library Current library Shelving location Date acquired Cost, normal purchase price Total Checkouts Full call number Barcode Date last seen Copy number Price effective from Koha item type Uniform Resource Identifier
    Dewey Decimal Classification     College Library College Library Circulation 06/30/2011 0.00   Circ. 616.858842 S628f 2009 CL48552 12/01/2025 c1 12/01/2025 BK-CIRC